Normal view
MARC view
- Shahid ,Asad Abdullah
Entry Personal Name
001 - CONTROL NUMBER
- control field: 121590
003 - CONTROL NUMBER IDENTIFIER
- control field: NUST
005 - DATE AND TIME OF LATEST TRANSACTION
- control field: 20240228111045.0
008 - FIXED-LENGTH DATA ELEMENTS
- fixed length control field: 240228|| aca||aabn | a|a d
040 ## - CATALOGING SOURCE
- Original cataloging agency: NUST
- Transcribing agency: NUST
100 ## - HEADING--PERSONAL NAME
- Personal name: Shahid ,Asad Abdullah
670 ## - SOURCE DATA FOUND
- Source citation: Work cat.: (NUST): Shahid ,Asad Abdullah , Modulation of Wound Microenvironment via Hydrogel Patch for Potential Application in Wound Management /
